[Event "Wloclawek-ch"]
[Site "Wloclawek"]
[Date "2011.??.??"]
[Round "2"]
[White "Chrzaszcz, Bartosz"]
[Black "Jeziorny, Janusz"]
[Result "0-1"]
[WhiteElo "1400"]
[BlackElo "2000"]
[PlyCount "82"]
[EventDate "2011.05.??"]
[EventType "swiss"]
[EventRounds "9"]
[EventCountry "POL"]
[SourceTitle "EXT 2021"]
[Source "ChessBase"]
[SourceDate "2020.10.23"]
[SourceVersion "1"]
[SourceVersionDate "2020.10.23"]
[SourceQuality "1"]

1. e4 c6 2. d4 d5 3. Nc3 dxe4 4. Nxe4 Nd7 5. Bc4 Ngf6 6. Nxf6+ Nxf6 7. Nf3 Bf5 8. 0-0 e6 9. Bg5 Be7 10. Bd3 Bg4 11. h3 Bxf3 12. Qxf3 Qxd4 13. c3 Qd5 14. Qxd5 Nxd5 15. Bxe7 Kxe7 16. Bc4 Rad8 17. Rfd1 Nb6 18. Be2 Rxd1+ 19. Rxd1 Rd8 20. Rxd8 Kxd8 21. Bd3 h6 22. Kh2 Na4 23. b3 Nxc3 24. a4 Kc7 25. Bh7 Kd6 26. Kg3 Ne2+ 27. Kg4 Nd4 28. b4 g6 29. h4 Nc2 30. b5 cxb5 31. axb5 Nd4 32. h5 f5+ 33. Kh4 g5+ 34. Kg3 Nxb5 35. f4 g4 36. Kh4 Nd4 37. Bxf5 exf5 38. Kg3 Ne2+ 39. Kh4 Nxf4 40. Kg3 Nxh5+ 41. Kh4 Nf4 0-1